| 000 | 00553nam a2200205 a 4500 | ||
|---|---|---|---|
| 001 | 9817 | ||
| 003 | CUTN | ||
| 005 | 20130627100642.0 | ||
| 008 | s2006 th 000 0 eng d | ||
| 020 | _a9749511131 | ||
| 020 | _a9789749511138 | ||
| 040 |
_aNUSCL _cNUSCL |
||
| 090 |
_aPK1023 _bCol 2006 |
||
| 100 | 1 |
_aCollins, Steven. _zCOL |
|
| 245 | 1 | 2 |
_aA Pali grammar for students / _cby Steven Collins. |
| 260 |
_aChiangmai : _bSilkworm Books, _cc2006. |
||
| 300 |
_a203 p. : _bill. ; _c23 cm. |
||
| 650 | 0 |
_aPali language _xGrammar. |
|
| 942 |
_2ddc _cBOOKS |
||
| 999 |
_c8190 _d8190 |
||